000 01564cam a2200409 i 4500
001 21806025
003 OSt
005 20231125122112.0
008 201119s2022 nyua b 001 0 eng
010 _a 2020052158
020 _a9780078022098
_q(hardcover)
020 _a9781260723106
_q(spiral bound)
020 _z9781260407976
_q(epub)
040 _aDLC
_beng
_cDLC
_erda
_dDLC
042 _apcc
050 0 0 _aTK5105
_b.F6617 2022
082 0 0 _a004.6
_bFOR/D
100 _aForouzan, Behrouz A
_eauthor.
_95422
240 1 0 _aData communications and networking
245 1 0 _aData communications and networking with TCP/IP protocol suite /
_cBehrouz A. Forouzan.
246 3 4 _aData communications & networking with TCP/IP protocol suite
250 _aSixth edition.
264 1 _aNew York, NY :
_bMcGraw Hill,
_c[2022]
300 _axxv, 834 pages :
_bcolor illustrations ;
_c24 cm
336 _atext
_btxt
_2rdacontent
337 _aunmediated
_bn
_2rdamedia
338 _avolume
_bnc
_2rdacarrier
490 0 _aMcGraw-Hill Forouzan networking series
500 _aRevised edition of: Data communications and networking.
504 _aIncludes bibliographical references (pages 805-809) and index.
650 0 _aData transmission systems.
650 0 _aComputer networks.
650 0 _aTCP/IP (Computer network protocol)
906 _a7
_bcbc
_corignew
_d1
_eecip
_f20
_gy-gencatlg
942 _2ddc
_cBK
_h004.6
_iFOR/D
_k004.6
_mFOR/D
999 _c43635
_d43635